000 00528nam a22002177a 4500
003 UA-OsUOA
001 36415
007 ta
008 20060126b un ||||| |||| 00| 0 ukr d
100 _aКняжанський В.
090 _a32
_bК53
942 _cSA
040 _aUA-OsUOA
_bukr
_cUA-OsUOA
_dUA-OsUOA
245 _aПолітичний успіх чи економічний провал
300 _aС.1
955 _a0
041 _aukr
080 _a32
773 0 _w36414
650 7 _a32 Політика
_2UDC
999 _c322651
_d322651